00245nam a22001097a 4500008004100000020001800041041000800059080000700067100000700074101000800081245004600089170629b xxu||||| |||| 00| 0 eng d a9780801898945 aeng a32 a22 aSHP aEXPLAINGING FOREIGN POLICY cYETIV.S.A